Zobrazenie rizík, strát a neistôt v účtovníctve konkrétnej podnikateľskej účtovnej jednotky diplomová práca

Salvato in:
Dettagli Bibliografici
Autore principale: Kalabová, Monika
Ente Autore: Fakulta hospodárskej informatiky EU. Katedra účtovníctva a audítorstva
Altri autori: Blahušiaková, Miriama, 1980-
Natura: Libro
Lingua:slovacco
Pubblicazione: Bratislava 2018
Tags: Aggiungi Tag
Nessun Tag, puoi essere il primo ad aggiungerne!!

MARC

LEADER 00000nbm a2200000 4500
001 0243485
005 20181108091612.3
041 0 |a slo 
044 |a SK 
245 1 0 |a Zobrazenie rizík, strát a neistôt v účtovníctve konkrétnej podnikateľskej účtovnej jednotky  |b diplomová práca  |c Monika Kalabová ; školiteľ: Miriama Blahušiaková 
264 1 |a Bratislava  |c 2018 
300 |a 59 s. 
100 1 |a Kalabová, Monika 
700 1 |a Blahušiaková, Miriama, 1980- 
710 2 |a Fakulta hospodárskej informatiky EU. Katedra účtovníctva a audítorstva